000 00294nam a22001337a 4500
003 SGT
082 _a342
_bANA
100 _aANAND A S
245 _aTHE CONSTITUTION JAMMU & KASHMIR
250 _a2ND
260 _aNEW DELHI
_bUNIVERSAL BOOK TRADERS
_c1994
300 _a517
942 _2ddc
_cBK
999 _c26703
_d26703